Combattants de Super Smash Bros #1 : Mario - Statistiques

Statistiques générales
  • Ce quiz a été pris 144 fois
  • Le résultat moyen est 10 sur 15
Statistiques - réponses
Question Réponse % Correct
Qui est le frère de Mario ? Luigi
100%
Quel est son métier ? Plombier
92%
Le rival de Luigi est Waluigi. Qui est le rival de Mario ? Wario
91%
Mario à plusieurs fois été confronté à ce hérisson bleu : Sonic
89%
Dans quel jeu NES Mario a fait sa plus célèbre apparition ? Super Mario Bros.
75%
Quel est le premier jeu dans lequel il est apparu ? Donkey Kong
72%
Quel être vivant est présent dans tout l'univers, notamment par ses habitants, ses maisons ou ses power-ups ? Champignon
70%
Quel est le jeu Mario le plus vendu sur Nintendo Switch ? Mario Kart 8 Deluxe
66%
Qui a créé Mario ? Shigeru Miyamoto
65%
Citez un des 3 jeux Super Mario les mieux notés sur Metacritic. Super Mario Galaxy | Super Mario Galaxy 2 | Super Mario Odyssey
64%
En quelle année est-il apparu ? 1981
62%
Quel âge a Mario dans l'univers ? 24 ans
54%
Quel était son ancien nom ? Jumpman
54%
Quel homme était la voix officielle de Mario de 1994 à 2023 ? Charles Martinet
30%
Quel est la journée internationale de Mario ? Le 10 mars (Mar10)
17%
Aucun quiz correspondant
Distribution des résultats
% des personnes avec chaque résultat
Percentile par nombre de réponses
Votre historique - résultats
Vous n’avez pas pris ce quiz